000
00297nam a22001217a 4500
020
_a
1886411298
082
_2
22
_a
005.71376
100
_a
Charalabidis, Alex.
245
_a
The Book of IRC /
260
_a
California,
_b
Nostarch Press,
_c
c2000.
300
_a
347p. ;
_b
ill. ;
_c
23 cm.
942
_2
ddc
_c
IT
999
_c
2231
_d
2231